| 000 | 00423nam a22001337a 4500 | ||
|---|---|---|---|
| 003 | OSt | ||
| 005 | 20260324105158.0 | ||
| 008 | 211112b ||||| |||| 00| 0 eng d | ||
| 040 | _cAIMIT LIBRARY | ||
| 100 |
_aFernandes, Nazu Savio; Rebello, Santhosh. _d181717 _910274 |
||
| 245 | _aBudgetting Process Automation / | ||
| 260 |
_aOnline Productivity Solutions Pvt Ltd. Verna. Goa. _bSanthosh Rebello. _c2021 |
||
| 942 |
_2ddc _cPRO |
||
| 999 |
_c220535 _d220535 |
||